000 00674nam a2200241Ia 4500
003 OSt
005 20221007064737.0
006 a|||||r|||| 00| 0
007 ta
008 221006b |||||||| |||| 00| 0 eng d
024 _a7,651
037 _cTextual
040 _aFLL
_cFLL
_beng
041 _2eng
_aeng
082 _aZ2qN501, K0.4
110 _aMinistry of law (Delhi India)
_9686206
245 0 _aGereral statutory rules and orders
260 _aDelhi
_bManager government of india India
_c1962
300 _a522p
_ccm.
700 _aMinistry of law (Delhi India)
_9686207
942 _hZ2qN501, K0.4
_cTEXL
_2CC
999 _c1135213
_d1135213